Statystyki dla 10 najbiedniejszych państw Europy

Kliknij tutaj aby rozwiązać quiz!

Ogólne statystyki

  • Ten quiz został rozwiązany 500 razy
  • Średni wynik to 5 z 10

Statystyki odpowiedzi

PKBPaństwo% Poprawnych
3096 USDUkraina
95%
3189 USDMołdawia
73%
4281 USDKosowo
53%
5254 USDAlbania
43%
5951 USDBośnia i Hercegowina
38%
6290 USDBiałoruś
33%
6084 USDMacedonia
32%
7234 USDSerbia
31%
8761 USDCzarnogóra
29%
9273 USDBułgaria
28%

Rozkład punktacji

Percentyl według liczby udzielonych odpowiedzi

Procent ludzi z każdym wynikiem

Twoja historia wyników

Nie rozwiązałeś tego quizu